书目信息 |
| 题名: |
无畏的探索者
|
|
| 作者: | 王兴斌 编 | |
| 分册: | ||
| 出版信息: | 北京 北京出版社 1981 |
|
| 页数: | 140页 | |
| 开本: | 19cm | |
| 丛书名: | ||
| 单 册: | ||
| 中图分类: | A721 , K81 | |
| 科图分类: | ||
| 主题词: | 传记 | |
| 电子资源: | ||
| ISBN: | ||
| 000 | 00783nam0 2200265 450 | |
| 001 | 1530820176 | |
| 005 | 20150125083407.12 | |
| 010 | @dCNY0.36 | |
| 091 | @a3071.339 | |
| 100 | @a19950316d1981 em y0chiy0110 ea | |
| 101 | 0 | @achi |
| 102 | @aCN@b110000 | |
| 105 | @af z 000yb | |
| 200 | 1 | @a无畏的探索者@9wu wei de tan suo zhe@e青年时代的恩格斯@f王兴斌编 |
| 210 | @a北京@c北京出版社@d1981 | |
| 215 | @a140页@c插图@d19cm | |
| 517 | 1 | @a青年时代的恩格斯@9qing nian shi dai de en ge si |
| 600 | 1 | @a恩格斯@c(Engels, Friedrich@f1820~1895)@x传记 |
| 600 | 1 | @2CT@3S904399@a恩格斯@c(Engels, Friedrich@f1820~1895) |
| 606 | 0 | @a传记 |
| 690 | @aA721@v5 | |
| 690 | @aK81@v4 | |
| 701 | 0 | @a王兴斌@9wang xing bin@4编 |
| 801 | 0 | @aCN@bTSSF@c20150125 |
| 905 | @aZUCC@dK81@eJY85 | |
| 无畏的探索者:青年时代的恩格斯/王兴斌编.-北京:北京出版社,1981 |
| 140页:插图;19cm |
| ISBN :CNY0.36 |
| ● |
| 相关链接 |
|
|
|
|
正题名:无畏的探索者
索取号:K81/JY85
 
预约/预借
| 序号 | 登录号 | 条形码 | 馆藏地/架位号 | 状态 | 备注 |
| 1 | 7854183 | 278541838 | 学院路分馆/ [索取号:K81/JY85] | 在馆 |